000 00392nam a2200145Ia 4500
008 210210b1972 xxu||||| |||| 00| 0 eng d
082 _a530 GAMI
100 _aGAMBHIR (R S) & others.
245 _aIntroductory physics: Mechanics . V1
260 _aBombay
_bTata McGraw-Hill Publishing Company Ltd.
_c1972
300 _axi,147
650 _aMechanics
690 _aPhysics
906 _a039397
999 _c89570
_d89570